000 00799cam a2200217 4500
001 ABS65299
008 020429n2002 000 0 eng u
035 _a(Sirsi) u117737
100 _aWilliams, A
245 2 _aA touch of the flue
260 _c2002
490 _aArchitects' Journal
_v215(14) 11 April 2002, 38-39(2)
520 _aReviews revisions to Approved Documents Parts H and J, combustion and drainage, which come into effect April 2002. Revisions are update of 2000 version 'Heat producing appliances'. Article summarises the main changes, concluding it is a much improved document.
590 _aABS
650 _aCOMBUSTION PRODUCTS
650 _aDRAINAGE
650 _aBUILDING REGULATIONS
_96224
650 _aWASTE DISPOSAL
690 _aBUILT ENVIRONMENT
942 _n0
999 _c70107
_d70107